[Event "Veteranen Seniorenkampioenschap 2009"]
[Site "Oosterbeek, Netherlands"]
[Date "2009.07.17"]
[Round "7"]
[White "Scholten, Karel"]
[Black "Herck, Marcel Van"]
[Result "1-0"]
[WhiteElo "1944"]
[BlackElo "2067"]
[PlyCount "105"]
[EventDate "2009.??.??"]

1. e4 c6 2. d4 d5 3. Nc3 dxe4 4. Nxe4 Nd7 5. Bc4 Ngf6 6. Ng5 e6 7. Ne2 h6 8.
Nf3 Nb6 9. Bb3 c5 10. c3 Bd7 11. Ne5 Rc8 12. O-O Be7 13. Re1 O-O 14. Nf4 cxd4
15. Nxd7 Nbxd7 16. cxd4 Bb4 17. Re3 Nb6 18. Rh3 Re8 19. a3 Bf8 20. Be3 Nbd5 21.
Bd2 Nxf4 22. Bxf4 Bd6 23. Bd2 Qb6 24. Be3 Nd5 25. Bxh6 gxh6 26. Qg4+ Kf8 27.
Rxh6 Nf4 28. Rh8+ Ke7 29. Qg5+ Kd7 30. Ba4+ Rc6 31. Rxe8 Kxe8 32. b4 Qxd4 33.
Rd1 Qxd1+ 34. Bxd1 Rc1 35. Qg4 Nd5 36. g3 Nc3 37. Qg8+ Bf8 38. Kg2 Rxd1 39. Qg4
Rd6 40. Qc4 Rc6 41. Qd4 Nb5 42. Qe5 Nc7 43. h4 Ke7 44. h5 f6 45. Qe4 f5 46.
Qh4+ Kf7 47. h6 Kg8 48. Qf4 Bxh6 49. Qxh6 Nb5 50. Qg6+ Kf8 51. a4 Nc7 52. Qh7
b5 53. Qd7 1-0

[Event "Veteranen Seniorenkampioenschap 2009"]
[Site "Oosterbeek, Netherlands"]
[Date "2009.07.17"]
[Round "7"]
[White "Boer, Jacob de"]
[Black "Landsbergen, Ron"]
[Result "1/2-1/2"]
[WhiteElo "1905"]
[BlackElo "2002"]
[PlyCount "33"]
[EventDate "2009.??.??"]

1. d4 c5 2. d5 Nf6 3. c4 g6 4. Nc3 Bg7 5. e4 d6 6. h3 O-O 7. Nf3 Na6 8. Be2 Nc7
9. O-O a6 10. Qc2 Rb8 11. a4 b6 12. Ra3 Bd7 13. Bd2 Re8 14. Rd1 b5 15. axb5
axb5 16. cxb5 Nxb5 17. Nxb5 1/2-1/2

[Event "Veteranen Seniorenkampioenschap 2009"]
[Site "Oosterbeek, Netherlands"]
[Date "2009.07.17"]
[Round "7"]
[White "Rooi, Paul de"]
[Black "Wilmink, Jan"]
[Result "1/2-1/2"]
[WhiteElo "1935"]
[BlackElo "1973"]
[PlyCount "85"]
[EventDate "2009.??.??"]

1. e4 c5 2. Nf3 d6 3. Nc3 Nc6 4. Bb5 Bd7 5. O-O Nf6 6. d4 cxd4 7. Nxd4 e6 8.
Be3 Be7 9. Bxc6 bxc6 10. f4 O-O 11. Qe2 Qc7 12. Rae1 Rab8 13. Nb3 c5 14. Bc1
Rfe8 15. Rf3 Bc6 16. Rg3 Bf8 17. Nd2 Qb7 18. Nf3 d5 19. e5 Nd7 20. Ng5 g6 21.
Qg4 Bg7 22. h4 h5 23. Qd1 Nf8 24. Rd3 Nh7 25. Nf3 d4 26. Ne2 f6 27. exf6 Bxf6
28. Rb3 Qe7 29. Rxb8 Rxb8 30. Qd3 Bxf3 31. Qxf3 Bxh4 32. g3 Bf6 33. b3 Rc8 34.
g4 hxg4 35. Qxg4 Bh4 36. Ng3 Bxg3 37. Rxe6 Qc7 38. Rxg6+ Kh8 39. Qxg3 Re8 40.
Bd2 Qf7 41. Qg4 Re2 42. Qxe2 Qxg6+ 43. Qg2 1/2-1/2